Catalog

Record Details

Catalog Search



Bibel im Kreuzverhör / Wilhelm Schmidt, geschichte und bedeutung der historisch-kritischen forschung mit textanalysen von Herbert Donner, Hans-Joachim Birkner und Hans Grass. Cover Image Book Book

Bibel im Kreuzverhör / Wilhelm Schmidt, geschichte und bedeutung der historisch-kritischen forschung mit textanalysen von Herbert Donner, Hans-Joachim Birkner und Hans Grass.

Schmidt, Wilhelm, 1929- (Author). Donner, Herbert (Added Author). Birkner, Hans-Joachim (Added Author). Grass, Hans (Added Author).

Record details

  • Physical Description: 143 s. 20 cm.
  • Publisher: Gerd Mohn : Gütersloher Verlagshaus 1968.
Subject: Bible > Criticism, interpretation, etc.

Available copies

  • 1 of 1 copy available at Common Catalog SPOK.

Holds

  • 0 current holds with 1 total copy.
Show All Copies
Location Call Number / Copy Notes Barcode Shelving Location Status Due Date
ETS Library 220.6 424470014109 Volný výběr Available -

LDR 01023cam a2200289ua 4500
00142126
003CZ-PrJAB
00520160215140516.0
008810623s1968 gw e 000 0 ger
010 . ‡a 73487362
035 . ‡a(CONS)11451
035 . ‡9(DLC) 73487362
040 . ‡aDLC ‡cCarP ‡dDLC
05000. ‡aBS531 ‡b.S3
082 . ‡a220.6
1001 . ‡aSchmidt, Wilhelm, ‡d1929- [from old catalog]
24510. ‡aBibel im Kreuzverhör / Wilhelm Schmidt, geschichte und bedeutung der historisch-kritischen forschung mit textanalysen von Herbert Donner, Hans-Joachim Birkner und Hans Grass.
260 . ‡aGerd Mohn : ‡bGütersloher Verlagshaus ‡c1968.
300 . ‡a143 s. ‡c20 cm.
63000. ‡aBible ‡xCriticism, interpretation, etc.
700 . ‡aDonner, Herbert
700 . ‡aBirkner, Hans-Joachim
700 . ‡aGrass, Hans
8524 . ‡bETS ‡bETS ‡cVolný výběr ‡j220.6 ‡p424470014109 ‡y$50.00
906 . ‡a0 ‡bcbc ‡cpremunv ‡du ‡encip ‡f19 ‡gy-gencatlg
910 . ‡aABG450
991 . ‡bc-GenColl ‡hBS531 ‡i.S3 ‡tCopy 1 ‡wPREM
999 . ‡a11451 ‡c11451 ‡tbiblio
905 . ‡uadmin
901 . ‡a42126 ‡b ‡c42126 ‡tbiblio ‡sets

Additional Resources